Kiểm soát kim loại nặng trong đất bằng thực vật /

Trình bày những vấn đề cơ bản về ô nhiễm kim loại nặng trong đất, đánh giá mức độ ô nhiễm kim loại nặng trong đất. Giới thiệu một số phương pháp xử lí và kiểm soát kim loại nặng trong đất như phương pháp lí - hoá, thực vật, cỏ Vetiver. Nghiên cứu khả năng hấp thụ và cải tạo đất ô nhiễm kim loại nặng...

সম্পূর্ণ বিবরণ

সংরক্ষণ করুন:
গ্রন্থ-পঞ্জীর বিবরন
প্রধান লেখক: Võ Văn Minh
বিন্যাস: গ্রন্থ
ভাষা:Vietnamese
প্রকাশিত: H. : Giáo dục, 2014.
বিষয়গুলি:
ট্যাগগুলো: ট্যাগ যুক্ত করুন
কোনো ট্যাগ নেই, প্রথমজন হিসাবে ট্যাগ করুন!
Thư viện lưu trữ: Mạng thư viện Đại học Đà Nẵng
LEADER 01962aam a22003978a 4500
001 000019940
003 16381
005 20220920105104.0
008 141202s2014 viesd
020 |c 70000  |d 500 
041 0 |a vie 
082 0 4 |2 23  |a 628.55  |b VO-M 
100 1 |a Võ Văn Minh 
245 1 0 |a Kiểm soát kim loại nặng trong đất bằng thực vật /  |c Võ Văn Minh. 
260 |a H. :  |b Giáo dục,  |c 2014. 
300 |a 219 tr. :  |b minh hoạ ;  |c 24 cm. 
504 |a Thư mục cuối mỗi phần 
520 |a Trình bày những vấn đề cơ bản về ô nhiễm kim loại nặng trong đất, đánh giá mức độ ô nhiễm kim loại nặng trong đất. Giới thiệu một số phương pháp xử lí và kiểm soát kim loại nặng trong đất như phương pháp lí - hoá, thực vật, cỏ Vetiver. Nghiên cứu khả năng hấp thụ và cải tạo đất ô nhiễm kim loại nặng đối với trường hợp cỏ Vetiver 
650 0 4 |2 Bộ TK TVQG  |a Ô nhiễm đất  |x Kim loại nặng 
650 0 4 |2 Bộ TK TVQG  |a Ô nhiễm đất  |x Thực vật 
650 7 |2 Bộ TK TVQG 
653 |a Kim loại nặng 
653 |a Ô nhiễm đất 
653 |a Thực vật 
OWN |a LSP 
AVA |a UDN50  |b LSP  |d 628.55 VO-M  |e check_holdings  |t Error 5003 Not defined in file expand_doc_bib_avail.  |h N  |k 1 
AVA |a UDN50  |b LSP  |c References  |d 628.55 VO-M  |e available  |t Error 5001 Not defined in file expand_doc_bib_avail.  |f 1  |g 0  |h N  |i 0  |j TK  |k 1 
999 |a From the UDN01 
AVA |a UDN50  |b LSP  |d 628.55 VO-M  |e available  |t Error 5001 Not defined in file expand_doc_bib_avail.  |f 150  |g 1  |h N  |i 38  |k 1 
AVA |a UDN50  |b LSP  |c References  |d 628.55 VO-M  |e available  |t Error 5001 Not defined in file expand_doc_bib_avail.  |f 1  |g 0  |h N  |i 0  |j TK  |k 1 
TYP |a Monograph 
TYP |a Printed language 
980 |a Mạng thư viện Đại học Đà Nẵng